Statistiques concernant Les featurings de Chily

Cliquez ici pour prendre le quiz!

Statistiques générales

  • Ce quiz a été pris 9 fois
  • Le résultat moyen est 6 sur 31

Statistiques - réponses

DépartementArtisteSons% Correct
91Koba LaDTout est calé (2019)
100%
60NazaBoire et mousser (2020)
100%
75LetoBébé Na Bébé (2022)
83%
BELHamzaChily Sauce (2020)
50%
91BolémvnBibéron (2020), Pétage (2022)
33%
75Guy2BezbarC'est normal (2019), Pump L Up (2022), Faut bosser (2022), Dans ça (2022)
33%
18JosmanDégaine (2020)
33%
60KeBlackElengi (2022)
33%
75LefaBye Bye (2021)
33%
75/91AlkpoteStory étonnante (2021)
17%
93DA UziRap game (2020)
17%
243Ferre GolaBendo (2022)
17%
91Gambino La MGWo (2022)
17%
243Gaz Mawete500 (2022)
17%
75MHDNicky (2022)
17%
94RskoAllô Allô (2022)
17%
93Tiakola2, 3 coups de fil (2021), Où sont mes amis ? (2022)
17%
Unknown3xdav'sNPN (2023)
0%
UnknownBlade StyloDime Si Quieres (2023)
0%
UnknownC.O.RPrison Break (2019)
0%
UnknownDehmoSorcellerie (2020), LA VIE QU'ON VIE (2021)
0%
UnknownHache-PDeschamps (2019), Big billets (2021), COUPER (2022)
0%
UnknownH-LOMami (2022)
0%
UnknownJO2SOn Y Va Remix (2022)
0%
UnknownJr La MeloNPN (2023)
0%
UnknownKreizziInfiel (2023)
0%
93LartisteTaurmatisé (2020)
0%
91Luv ResvalHaze (2021)
0%
UnknownMegaskiDans ça (2022)
0%
UnknownT2RFollower (2020)
0%
UnknownWidgunzJoyeux anniversaire (2023)
0%

Distribution des résultats

Percentile par nombre de réponses

% des personnes avec chaque résultat

Votre développement - résultats

Vous n’avez pas pris ce quiz